Internal Rhetorics (Registro nro. 182990)

Detalles MARC
000 -ENCABEZADO
Número de control [NR] 00811nam a22002297a 4500
005 - FECHA Y HORA DE LA ÚLTIMA TRANSACCIÓN
control field 20140903175000.0
008 - DE LONGITUD FIJA DE DATOS DE ELEMENTOS - INFORMACIÓN GENERAL
Elementos de longitud fija [NR] 131212s2001 xxu frn 001 0 eng c
020 ## - NUMERO INTERNACIONAL NORMALIZADO PARA LIBROS [R]
Número Internacional Normalizado del libro [NR] 0809324067
040 ## - FUENTE DE CATALOGACION [NR]
Agencia de catalogación original [NR] CO-BoUCM
Quien Cataloga
Quien Clasifica Diana Londoño
Idioma de catalogación [NR] spa
041 00 - CODIGO DE IDIOMA [R]
Código de idioma para texto/pista de sonido o título separado [R] Inglés
100 1# - ASIENTO PRINCIPAL--NOMBRE PERSONAL [NR]
Nombre personal [NR] Nienkamp, Jean
ID Autoridad 52878
245 10 - MENCION DE TITULO [NR]
Título [NR] Internal Rhetorics
Parte restante del título [NR] Toward a History and Theory of Self-Persuasion.
Mención de responsabilidad, etc. [NR] Jean Nienkamp
260 ## - PUBLICACION, DISTRIBUCION, ETC. (PIE DE IMPRENTA) [R]
Lugar de publicación, distribución, etc. [R] Carbondale (illinois, Estados Unidos)
Nombre del editor, distribuidor, etc. [R] Southern Illinois University Press
Fecha de publicación, distribución, etc. [R] 2001
300 ## - DESCRIPCION FISICA [R]
Extensión [R] xiv, 170 páginas
504 ## - NOTA DE BIBLIOGRAFIA, ETC. [R]
Nota de bibliografía, etc. [NR] Incluye referencias bibliográficas e índices
650 #7 - ASIENTO SECUNDARIO DE MATERIA - TERMINO TEMATICO [R]
Término temático o nombre geográfico como elemento de entrada [NR] Ética
9 (RLIN) 195
650 #7 - ASIENTO SECUNDARIO DE MATERIA - TERMINO TEMATICO [R]
Término temático o nombre geográfico como elemento de entrada [NR] Persuasión (Retorica)
9 (RLIN) 21457
650 #7 - ASIENTO SECUNDARIO DE MATERIA - TERMINO TEMATICO [R]
Término temático o nombre geográfico como elemento de entrada [NR] Retorica
9 (RLIN) 23727
690 ## - ASUNTO AGREGADO LOCAL DE ENTRADA - TÉRMINO TEMÁTICO (OCLC, RLIN)
9 (RLIN) 42812
Acceso temático local Ética
942 ## - ELEMENTOS DE ENTRADA AGREGADOS (KOHA)
Tema principal Filosofía
Tipo de ítem principal el descrito en 300a Libro
Edición 1
Parte restante de la signatura top. N673i
Sistema de clasificación DEWEY
Clasificación 128.4
Existencias
Signatura topográfica Código de barras Última vez visto Ejemplar Costo de reposición Price effective from Tipo de ítem Perdido Sistema de clasificación Dañado No prestable Tipo de ítem específico Suprimido Ubicación habitual Ubicación actual Localización Fecha de creación Proveedor Forma de adquisición Costo
128.4 N673i 100139367 05/12/2025 Ej.1 143781.00 26/11/2013 Libro   DEWEY     Libro   Claustro Claustro 2do piso 26/11/2013 37 Compra 143781.00